New Zealand journal of educational studies

Detalles Bibliográficos
Formato: Electrónico Seriadas
Lenguaje:inglés
Publicado: [Wellington]
Materias:
Acceso en línea:Full text available from Research Library: 07/01/2008 to 2011

MARC

LEADER 00000nas a2200000 4500
001 ssj0000400877
003 WaSeSS
005 20200512172242.0
006 m d
007 cr n
008 731220c19669999nz fx s 0 0eng
010 |a  73646236  
016 7 |a 012422516  |2 Uk 
022 |l 0028-8276  |y 0028-8276 
030 |a NZESDN 
035 |a (WaSeSS)ssj0000400877 
037 |b P.O. Box 1540 
040 |a DLC  |b eng  |c DLC  |d OCL  |d AIP  |d IUL  |d NST  |d OCLCQ  |d LVB  |d OCLCQ  |d UKMGB  |d OCLCO  |d CUS  |d OCLCF  |d OCLCO  |d OCLCA  |d AU@  |d OCLCQ  |d NJR  |d U3G  |d WaSeSS 
042 |a pcc 
043 |a u-nz--- 
050 0 0 |a LA2120  |b .N48 
082 0 4 |a 370/.9931 
210 0 |a N.Z. j. educ. stud. 
222 0 |a New Zealand journal of educational studies 
245 0 0 |a New Zealand journal of educational studies  |h [electronic resource]. 
260 |a [Wellington] 
310 |a Two no. a year 
362 0 |a v. 1- May 1966- 
506 |a License restrictions may limit access. 
650 0 |a Education  |z New Zealand  |v Periodicals. 
650 6 |a Éducation  |z Nouvelle-Zélande  |v Périodiques. 
650 7 |a Education.  |2 fast  |0 (OCoLC)fst00902499 
651 7 |a New Zealand.  |2 fast  |0 (OCoLC)fst01204542 
655 0 |a Electronic journals. 
850 |a CU  |a DLC  |a FU  |a InU  |a MdU  |a MnU  |a NjR  |a P  |a UPB  |a WyU 
856 4 0 |z Full text available from Research Library: 07/01/2008 to 2011  |u https://search.proquest.com/publication/60365